[Event "HEM 2006 A"]
[Site "Marburg"]
[Date "2006.04.14"]
[Round "8.14"]
[White "Reuter, Klaus"]
[Black "Zarges, Peter"]
[Result "1/2-1/2"]
[WhiteElo "1496"]
[BlackElo "1461"]
[PlyCount "112"]
[EventDate "2006.04.08"]
[EventType "swiss"]
[EventCountry "GER"]

1. d4 Nf6 2. Nf3 e6 3. c4 d5 4. g3 b6 5. Bg2 Bb7 6. O-O Nbd7 7. cxd5 exd5 8.
Bg5 Be7 9. Nc3 c6 10. Re1 O-O 11. e3 h6 12. Bf4 Nh5 13. Ne5 Nxf4 14. exf4 Bd6
15. Re3 Nxe5 16. fxe5 Bc7 17. f4 Bc8 18. g4 Qe7 19. Rg3 f6 20. Nxd5 cxd5 21.
Bxd5+ Be6 22. Bxa8 Rxa8 23. d5 Qc5+ 24. Kf1 Bxd5 25. Rc1 Qb5+ 26. Kg1 Bc4 27.
Qd4 fxe5 28. Qxc4+ Qxc4 29. Rxc4 exf4 30. Rgc3 Be5 31. Rc8+ Rxc8 32. Rxc8+ Kh7
33. b3 a5 34. Kg2 Bd4 35. Kf3 Be3 36. h4 Kg6 37. Rc4 Kf6 38. Ke4 Ke6 39. Rc6+
Kf7 40. Rc3 Ke6 41. h5 Kf6 42. Rd3 Kg5 43. Kf3 Kf6 44. Rd5 Kf7 45. Rd6 Ke7 46.
Rg6 Kf7 47. Ke4 Kf8 48. g5 hxg5 49. Rxg5 Kf7 50. Rb5 Kf6 51. a4 Ke6 52. Rg5 Kf7
53. Ke5 Bd2 54. Rf5+ Ke7 55. Kd5 Be3 56. Ke4 Ke6 1/2-1/2

[Event "HEM 2006 A"]
[Site "Marburg"]
[Date "2006.04.14"]
[Round "8.15"]
[White "Liebert, Frank"]
[Black "Beyertt, Torsten"]
[Result "1-0"]
[WhiteElo "1652"]
[BlackElo "1611"]
[PlyCount "49"]
[EventDate "2006.04.08"]
[EventType "swiss"]
[EventCountry "GER"]

1. d4 c6 2. c4 d5 3. Nc3 dxc4 4. a4 Bf5 5. e4 Bg6 6. Bxc4 e6 7. Nf3 Nd7 8. O-O
Ngf6 9. Re1 Be7 10. Bf4 O-O 11. h3 Bb4 12. Bd3 Qa5 13. Bd2 c5 14. Bc2 Rad8 15.
e5 cxd4 16. Nb1 Bxc2 17. Qxc2 d3 18. Qc4 Bxd2 19. Nbxd2 Nb6 20. Qh4 Nfd5 21.
Re4 Ne7 22. Qxe7 Rd7 23. Qh4 Rc8 24. Rd4 Rc2 25. Qd8+ 1-0

[Event "HEM 2006 A"]
[Site "Marburg"]
[Date "2006.04.15"]
[Round "9.2"]
[White "Rücker, Benjamin"]
[Black "Rubel, Julian"]
[Result "1-0"]
[WhiteElo "2229"]
[BlackElo "2111"]
[PlyCount "105"]
[EventDate "2006.04.08"]
[EventType "swiss"]
[EventCountry "GER"]

1. d4 Nf6 2. Bg5 c5 3. Bxf6 exf6 4. e3 Qb6 5. Nc3 cxd4 6. Qxd4 Bc5 7. Qe4+ Qe6
8. Bc4 Qxe4 9. Nxe4 Be7 10. O-O-O Nc6 11. Nd6+ Bxd6 12. Rxd6 Ke7 13. Rd2 d6 14.
Ne2 Be6 15. Bb3 f5 16. Rhd1 Rhd8 17. Nc3 a6 18. e4 f4 19. f3 Ne5 20. h4 Rac8
21. Ne2 Nc4 22. Bxc4 Bxc4 23. Nd4 Be6 24. b3 h6 25. h5 Rc5 26. Rh1 Kf6 27. Ne2
Kg5 28. Rhd1 Rc6 29. Nd4 Rb6 30. c4 Kxh5 31. Ne2 Kg5 32. e5 Kf5 33. c5 Rc8 34.
exd6 Rxc5+ 35. Kb2 Bd7 36. Re1 Re5 37. Rc1 Rxe2 38. Rxe2 Rxd6 39. Rc7 b6 40.
Kc2 Kf6 41. Kc3 g5 42. Rd2 Rxd2 43. Kxd2 Bb5 44. Ke1 h5 45. a4 Bd3 46. Rc6+ Kf5
47. Rxb6 g4 48. Rd6 Bc2 49. b4 Bxa4 50. Rxa6 gxf3 51. Ra5+ Kg4 52. gxf3+ Kxf3
53. Rxa4 1-0

[Event "HEM 2006 A"]
[Site "Marburg"]
[Date "2006.04.15"]
[Round "9.3"]
[White "von Kiedrowski, Klemens"]
[Black "Feicht, Arno"]
[Result "1-0"]
[WhiteElo "2087"]
[BlackElo "2107"]
[PlyCount "80"]
[EventDate "2006.04.08"]
[EventType "swiss"]
[EventCountry "GER"]

1. c4 f5 2. Nc3 Nf6 3. g3 g6 4. Bg2 Bg7 5. d3 O-O 6. e4 fxe4 7. dxe4 d6 8. Nge2
Nc6 9. h3 Be6 10. Nd5 Ne5 11. Qc2 c6 12. Ne3 b5 13. Nd4 Bf7 14. cxb5 cxb5 15.
O-O Rc8 16. Qe2 Nc4 17. Rd1 Nd7 18. b3 Qb6 19. Nec2 Nce5 20. Be3 Qb8 21. Rac1
a6 22. f4 Nc6 23. Nxc6 Rxc6 24. e5 Rc3 25. Bd4 Rxg3 26. e6 Qb7 27. exf7+ Rxf7
28. Kh2 Rxg2+ 29. Qxg2 Qc8 30. Bxg7 Kxg7 31. Nd4 Nc5 32. b4 Rxf4 33. bxc5 e5
34. cxd6 Qe8 35. Rc7+ Kh6 36. Ne2 Rf8 37. d7 Qb8 38. Rb7 Qd8 39. Kh1 Qa8 40.
Nc3 Qd8 1-0

[Event "HEM 2006 A"]
[Site "Marburg"]
[Date "2006.04.15"]
[Round "9.4"]
[White "Leidorf, Sebastian"]
[Black "Bietz, Fabian"]
[Result "1-0"]
[WhiteElo "1940"]
[BlackElo "2042"]
[PlyCount "75"]
[EventDate "2006.04.08"]
[EventType "swiss"]
[EventCountry "GER"]

1. e4 c5 2. Nc3 Nc6 3. g3 d6 4. Bg2 g6 5. d3 Bg7 6. Be3 Nf6 7. h3 O-O 8. Qd2
Re8 9. Nge2 Bd7 10. g4 Rc8 11. g5 Nh5 12. Bf3 Ne5 13. Bxh5 gxh5 14. Ng1 Qa5 15.
f4 Nc6 16. Nd1 Nb4 17. c3 Nc6 18. Ne2 Qa6 19. Ng3 Na5 20. Nxh5 Nb3 21. axb3
Qxa1 22. Nxg7 Kxg7 23. f5 Rg8 24. Qe2 Qa6 25. c4 Qb6 26. Bd2 e5 27. Qh5 Qxb3
28. Qh6+ Kh8 29. Qxd6 Ba4 30. Qxe5+ Rg7 31. Nf2 Qc2 32. Qc3 Qb1+ 33. Ke2 Qa2
34. h4 Kg8 35. Ng4 Kf8 36. h5 Qb3 37. Qxb3 Bxb3 38. Nf6 1-0

[Event "HEM 2006 A"]
[Site "Marburg"]
[Date "2006.04.15"]
[Round "9.5"]
[White "Keuth, Gerd Erich"]
[Black "Althoff, Guntram"]
[Result "0-1"]
[WhiteElo "2112"]
[BlackElo "2080"]
[PlyCount "144"]
[EventDate "2006.04.08"]
[EventType "swiss"]
[EventCountry "GER"]

1. c4 Nf6 2. Nc3 g6 3. g3 Bg7 4. Bg2 c6 5. e4 d6 6. d4 O-O 7. Nf3 Bd7 8. Bf4
Nh5 9. Be3 f5 10. Qd2 fxe4 11. Nh4 Be6 12. d5 Bxc3 13. bxc3 cxd5 14. cxd5 Bf7
15. Bxe4 Nf6 16. Bg2 Qa5 17. Bh6 Rc8 18. O-O Nbd7 19. Qe2 Ne5 20. Bd2 Qc7 21.
Rab1 Rab8 22. Rfd1 Bxd5 23. Bxd5+ Nxd5 24. f4 Qc4 25. Qe1 Qc5+ 26. Kh1 Nd3 27.
Qe6+ Kf8 28. f5 Nf2+ 29. Kg2 Nc7 30. Nxg6+ hxg6 31. Qxg6 Ng4 32. Qxg4 Ke8 33.
f6 e5 34. f7+ Kxf7 35. Qd7+ Kg6 36. Qg4+ Kf7 37. Rf1+ Ke8 38. Bh6 Qd5+ 39. Kg1
Ne6 40. Qh5+ Kd7 41. Rf7+ Kc6 42. Rd1 Qc4 43. Qf3+ e4 44. Qf6 Re8 45. Be3 Rbd8
46. Rb1 Qd3 47. Re1 a6 48. Rh7 Nf8 49. Rf7 Nd7 50. Qf2 Ne5 51. Ba7 Qb5 52. c4
Qa5 53. Rb1 Nf3+ 54. Kg2 b5 55. cxb5+ axb5 56. Qc2+ Kd5 57. Rf5+ Ne5 58. Qb3+
Kc6 59. Bf2 Rf8 60. Rc1+ Kd7 61. g4 Rxf5 62. gxf5 Nc4 63. Kh1 Rf8 64. Qh3 Qd2
65. Rf1 Rf7 66. f6+ Kc7 67. Qe6 Ne5 68. Bg3 Qd3 69. Rc1+ Kb6 70. Bf2+ e3 71.
Bg3 Qe4+ 72. Kg1 Nf3+ 0-1

[Event "HEM 2006 A"]
[Site "Marburg"]
[Date "2006.04.15"]
[Round "9.6"]
[White "Schoenfelder, Michael"]
[Black "Forgach, Andreas"]
[Result "1/2-1/2"]
[WhiteElo "1960"]
[BlackElo "2095"]
[PlyCount "25"]
[EventDate "2006.04.08"]
[EventType "swiss"]
[EventCountry "GER"]

1. d4 Nf6 2. c4 g6 3. Nc3 Bg7 4. e4 d6 5. Be2 O-O 6. Nf3 e5 7. dxe5 dxe5 8.
Qxd8 Rxd8 9. Bg5 Re8 10. O-O-O Na6 11. Ne1 Be6 12. f3 c6 13. Nc2 1/2-1/2

[Event "HEM 2006 A"]
[Site "Marburg"]
[Date "2006.04.15"]
[Round "9.7"]
[White "Bender, Dirk"]
[Black "Muth, Andreas"]
[Result "0-1"]
[WhiteElo "2113"]
[BlackElo "2053"]
[PlyCount "58"]
[EventDate "2006.04.08"]
[EventType "swiss"]
[EventCountry "GER"]

1. c4 c5 2. g3 Nc6 3. Bg2 g6 4. e3 Bg7 5. Ne2 Nf6 6. Nbc3 O-O 7. a3 e6 8. O-O
d5 9. cxd5 Nxd5 10. Qc2 Nde7 11. Rd1 e5 12. Na4 b6 13. b4 Ba6 14. d4 exd4 15.
exd4 Bxe2 16. Qxe2 Nxd4 17. Qa2 Rc8 18. bxc5 bxc5 19. Bg5 h6 20. Be3 Qa5 21.
Qc4 Nef5 22. Ra2 Nd6 23. Qd5 Qxa4 24. Rad2 Nc4 25. Rd3 Nb2 26. Bxd4 cxd4 27.
Rxd4 Bxd4 28. Rxd4 Rc1+ 29. Bf1 Qa6 0-1

[Event "HEM 2006 A"]
[Site "Marburg"]
[Date "2006.04.15"]
[Round "9.8"]
[White "Ahrends, Norbert"]
[Black "Lahr, Marcus"]
[Result "0-1"]
[WhiteElo "2065"]
[BlackElo "2073"]
[PlyCount "46"]
[EventDate "2006.04.08"]
[EventType "swiss"]
[EventCountry "GER"]

1. d4 Nf6 2. c4 g6 3. Nc3 Bg7 4. g3 O-O 5. Bg2 c5 6. e3 Nc6 7. Nge2 d6 8. dxc5
dxc5 9. Bxc6 Qxd1+ 10. Nxd1 bxc6 11. Ndc3 Bh3 12. Nf4 Bg4 13. O-O Bf3 14. Nd3
Nd7 15. Ne1 Bg4 16. f4 Nb6 17. Ne4 Nxc4 18. Rf2 Rfd8 19. Kg2 Rd1 20. Nf3 Nxe3+
21. Bxe3 Rxa1 22. Ne5 Bxe5 23. fxe5 Re1 0-1

[Event "HEM 2006 A"]
[Site "Marburg"]
[Date "2006.04.15"]
[Round "9.9"]
[White "Overbeck, Christopher"]
[Black "Rompel, Michael"]
[Result "1/2-1/2"]
[WhiteElo "1815"]
[BlackElo "2068"]
[PlyCount "154"]
[EventDate "2006.04.08"]
[EventType "swiss"]
[EventCountry "GER"]

1. e4 c5 2. Nf3 d6 3. Bb5+ Nc6 4. O-O a6 5. Bxc6+ bxc6 6. d4 cxd4 7. Qxd4 c5 8.
Qd3 Bb7 9. Nc3 g6 10. Bf4 Bg7 11. Rad1 Nf6 12. Qc4 Nd7 13. Rfe1 Nb6 14. Qd3 f6
15. Nd5 Rc8 16. c4 Kf7 17. Bd2 Nd7 18. Qa3 Rc6 19. Ba5 Qb8 20. Rb1 Re8 21. b4
Qa7 22. Rb3 cxb4 23. Nxb4 Rxc4 24. Nd5 Bxd5 25. exd5 Rec8 26. Rbe3 Bf8 27. Qd3
Qc5 28. Bd2 Nb6 29. Qb3 Nxd5 30. Rd3 Rc7 31. h4 e6 32. Qb8 Ne7 33. Be3 Rc8 34.
Qxd6 Qxd6 35. Rxd6 R4c6 36. Red1 Nd5 37. Rd7+ Be7 38. Bh6 Rc2 39. Ra1 R8c7 40.
Rxc7 Nxc7 41. Be3 Nd5 42. Ba7 Ba3 43. Ne1 Rd2 44. Nf3 Rc2 45. Ne1 Rc1 46. Rxc1
Bxc1 47. Nd3 Ba3 48. Nc5 a5 49. Nb7 Bb4 50. a3 Bc3 51. Bc5 Ke8 52. Nd6+ Kd7 53.
Ne4 Kc6 54. Bf8 Kb5 55. Kf1 Bd4 56. Nd6+ Ka4 57. Nc4 e5 58. Bd6 Bc3 59. Ke2 Kb3
60. Nd2+ Kc2 61. Nc4 Nf4+ 62. Kf1 Kb3 63. Nb6 Bb2 64. g3 Nd3 65. Ke2 e4 66. Ke3
f5 67. f3 Bc1+ 68. Kd4 Bxa3 69. Bxa3 Kxa3 70. fxe4 fxe4 71. Nc4+ Kb4 72. Nxa5
Kxa5 73. Kxe4 Nf2+ 74. Kf4 h6 75. Ke5 Ng4+ 76. Ke6 g5 77. hxg5 hxg5 1/2-1/2

[Event "HEM 2006 A"]
[Site "Marburg"]
[Date "2006.04.15"]
[Round "9.11"]
[White "Wimmer, Thomas"]
[Black "Wolff, Peter"]
[Result "0-1"]
[WhiteElo "1956"]
[BlackElo "2005"]
[PlyCount "92"]
[EventDate "2006.04.08"]
[EventType "swiss"]
[EventCountry "GER"]

1. e4 c6 2. d4 d5 3. Nd2 dxe4 4. Nxe4 Bf5 5. Ng3 Bg6 6. h4 h6 7. Nh3 Nd7 8. Nf4
Bh7 9. Bc4 Ngf6 10. Qe2 Nb6 11. Bb3 Nbd5 12. Ngh5 Qc7 13. Nxf6+ Nxf6 14. Bd2
Bf5 15. O-O-O e6 16. Nh5 Nxh5 17. Qxh5 O-O-O 18. Qf3 Rxd4 19. Qe2 Be7 20. Be3
Rxd1+ 21. Rxd1 c5 22. g4 Bh7 23. h5 Rd8 24. Rxd8+ Qxd8 25. Qc4 Qd6 26. Bf4
Qxf4+ 27. Qxf4 Bg5 28. Qxg5 hxg5 29. Kd2 Be4 30. Ke3 Bd5 31. Bxd5 exd5 32. f4
f6 33. fxg5 fxg5 34. c3 Kd7 35. b4 b6 36. a4 Kd6 37. bxc5+ bxc5 38. c4 d4+ 39.
Ke2 Kc6 40. Kd3 Kb6 41. Kc2 Ka5 42. Kb3 Kb6 43. Kc2 Kc6 44. Kd3 Kd6 45. Ke2 Ke5
46. Kf3 a5 0-1

[Event "HEM 2006 A"]
[Site "Marburg"]
[Date "2006.04.15"]
[Round "9.13"]
[White "Beyertt, Torsten"]
[Black "Michel, Stephan"]
[Result "1/2-1/2"]
[WhiteElo "1611"]
[BlackElo "1902"]
[PlyCount "62"]
[EventDate "2006.04.08"]
[EventType "swiss"]
[EventCountry "GER"]

1. d4 g6 2. Nf3 Bg7 3. Bf4 d6 4. e3 Nd7 5. Be2 e5 6. dxe5 dxe5 7. Bg3 a6 8. c3
Ne7 9. Nbd2 O-O 10. O-O Nf5 11. Ne4 Nxg3 12. Nxg3 Qe7 13. Ne4 h6 14. Qd5 Nf6
15. Qc5 Qxc5 16. Nxc5 b6 17. Nb3 Ne4 18. Nbd2 Nxd2 19. Nxd2 Bb7 20. Bf3 Bxf3
21. Nxf3 Rfd8 22. Rfd1 Kf8 23. Kf1 Ke7 24. Ke2 c5 25. e4 c4 26. Rxd8 Rxd8 27.
Rd1 Rxd1 28. Kxd1 Kd6 29. a4 Kc5 30. Kc2 Bf6 31. Nd2 Bg5 1/2-1/2

[Event "HEM 2006 A"]
[Site "Marburg"]
[Date "2006.04.15"]
[Round "9.14"]
[White "Zarges, Peter"]
[Black "Liebert, Frank"]
[Result "1-0"]
[WhiteElo "1461"]
[BlackElo "1652"]
[PlyCount "81"]
[EventDate "2006.04.08"]
[EventType "swiss"]
[EventCountry "GER"]

1. e4 e6 2. d4 d5 3. Nc3 Bb4 4. e5 c5 5. a3 cxd4 6. Qxd4 Bxc3+ 7. Qxc3 Ne7 8.
Bg5 Nbc6 9. Bb5 Bd7 10. Nf3 Qb6 11. Qd3 Ng6 12. O-O Ncxe5 13. Bxd7+ Nxd7 14.
Rfe1 O-O 15. Be3 Qc7 16. Qd2 Rac8 17. Rac1 f5 18. g3 Nf6 19. Ng5 Rfe8 20. Qd4
a6 21. f4 Ne4 22. Nf3 b5 23. c3 Qc5 24. Rcd1 Qxd4 25. Bxd4 Rc4 26. Re2 Rb8 27.
Ng5 Nxg5 28. fxg5 Re8 29. Rde1 Kf7 30. Kg2 Rc6 31. Kf2 e5 32. Bxe5 Nxe5 33.
Rxe5 Rce6 34. Rxf5+ Kg6 35. Rxe6+ Rxe6 36. Rxd5 Kh5 37. h4 Kg4 38. Rd7 Rg6 39.
Rd4+ Kh3 40. h5 Rxg5 41. Rh4# 1-0

[Event "HEM 2006 A"]
[Site "Marburg"]
[Date "2006.04.15"]
[Round "9.15"]
[White "Alonzo, Desi"]
[Black "Reuter, Klaus"]
[Result "1-0"]
[WhiteElo "1525"]
[BlackElo "1496"]
[PlyCount "79"]
[EventDate "2006.04.08"]
[EventType "swiss"]
[EventCountry "GER"]

1. e4 e5 2. Bc4 Nf6 3. d4 Nc6 4. dxe5 Nxe5 5. Bb3 Bc5 6. Nf3 Neg4 7. Bxf7+ Kxf7
8. O-O d6 9. c3 Nxe4 10. Qd5+ Kf8 11. Qxe4 h6 12. b4 Bb6 13. a4 a5 14. b5 d5
15. Qf4+ Kg8 16. h3 Nf6 17. Re1 c6 18. Ra2 Bc7 19. Qd4 Bf5 20. Nbd2 Qd6 21. Ba3
Qf4 22. b6 Bd6 23. Qxf4 Bxf4 24. Re7 Rb8 25. Nb3 Kh7 26. g3 Bxg3 27. fxg3 Bxh3
28. Rh2 Bg4 29. Ng5+ Kg6 30. Nf7 Ne4 31. Nxh8+ Rxh8 32. Nxa5 Ra8 33. Nxb7 Rxa4
34. Bb2 Ra6 35. c4 Rxb6 36. Rxg7+ Kf5 37. c5 Rb3 38. Nd6+ Nxd6 39. Rf2+ Bf3 40.
cxd6 1-0